| 000 | 01107nac a22003375a 4500 | ||
|---|---|---|---|
| 006 | a||||fr||| 00| 0 | ||
| 008 | 100105t2009 njua|||| |||| 001 0 eng d | ||
| 010 | _a 2002021425 | ||
| 020 | _a0132363437 | ||
| 020 | _a9780132363433 | ||
| 040 |
_aEG-ScBUE _beng _cEG-ScBUE |
||
| 082 | 0 | 4 |
_a519.5 _bMCC _222 |
| 100 | 1 |
_aMcClave, James T. _910208 |
|
| 245 | 1 | 2 |
_aA First Course in Statistics / _cJames T. McClave, Terry Sinicich |
| 246 | 3 | 0 | _aStatistics |
| 250 | _a10th ed. | ||
| 260 |
_aUpper Saddle River, New Jersey : _bPearson Prentice Hall / Pearson Education, Inc., _cc.2009. |
||
| 300 |
_axxi, 596 p. : _bill. ; _c26 cm. |
||
| 500 | _aIndex : p. 589-596. | ||
| 504 | _aIncludes bibliographical references. | ||
| 590 | _adoha Reviewed by : Wessam | ||
| 650 | 0 |
_aStatistics. _910209 _2BUEsh |
|
| 651 | _2BUEsh | ||
| 653 |
_bBUSADM _bBUSECO |
||
| 655 |
_vreading book _934232 |
||
| 700 | 1 |
_aSincich, Terry. _910210 |
|
| 942 |
_cBB _2ddc _k519.5 MCC _hRDA-MOD |
||
| 999 |
_c13097 _d13097 |
||
| 336 |
_2rdacontent _atext _btxt |
||
| 337 |
_aunmediated _2rdamedia _bn |
||
| 338 |
_avolume _bnc _2rdacarrier |
||